Niektoré aspekty zadlženia miestnych samospráv

Financovanie prostredníctvom dlhu - významný prvok financovania vo verejnom sektore. Miestne samosprávy si požičiavajú na: financovanie prevádzkových výdavkov, financovanie investícií. Úverová schopnosť samosprávy. Podmienky získavania úverov samospráv na kapitálových trhoch.

Salvato in:
Dettagli Bibliografici
Autore principale: Čapková, Soňa
Natura: Capitolo di libro
Lingua:slovacco
Soggetti:
Tags: Aggiungi Tag
Nessun Tag, puoi essere il primo ad aggiungerne!!

MARC

LEADER 00000naa a2200000 4500
001 r035213
005 20230929072500.9
041 0 |a slo 
044 |a SK 
245 1 0 |a Niektoré aspekty zadlženia miestnych samospráv  |c Soňa Čapková 
520 |a Financovanie prostredníctvom dlhu - významný prvok financovania vo verejnom sektore. Miestne samosprávy si požičiavajú na: financovanie prevádzkových výdavkov, financovanie investícií. Úverová schopnosť samosprávy. Podmienky získavania úverov samospráv na kapitálových trhoch. 
610 2 0 |a samospráva 
610 2 0 |a financie verejné 
610 2 0 |a financovanie 
610 2 0 |a financovanie investícií 
610 2 0 |a výdavky 
610 2 0 |a deficit rozpočtový 
610 2 0 |a politika rozpočtová 
610 2 0 |a pôžičky verejné 
610 2 0 |a rozpočet miestny 
610 2 0 |a úver 
610 2 0 |a zadlženosť 
100 1 |a Čapková, Soňa